Detalles MARC
| 000 -CABECERA |
| campo de control de longitud fija |
02973nam a22002897a 4500 |
| 003 - IDENTIFICADOR DEL NÚMERO DE CONTROL |
| campo de control |
DO-SdBNP |
| 005 - FECHA Y HORA DE LA ÚLTIMA TRANSACCIÓN |
| campo de control |
20211122090845.0 |
| 007 - CAMPO FIJO DE DESCRIPCIÓN FÍSICA--INFORMACIÓN GENERAL |
| campo de control de longitud fija |
ta |
| 008 - DATOS DE LONGITUD FIJA--INFORMACIÓN GENERAL |
| campo de control de longitud fija |
211122b2019 dr ac||| |||| 00| 0 spa d |
| 020 ## - NÚMERO INTERNACIONAL ESTÁNDAR DEL LIBRO |
| Número Internacional Estándar del Libro |
9789945614459 |
| 040 ## - FUENTE DE LA CATALOGACIÓN |
| Centro catalogador/agencia de origen |
DO-SdBNP |
| Lengua de catalogación |
spa |
| Centro/agencia transcriptor |
BNPHU |
| 245 00 - MENCIÓN DE TÍTULO |
| Título |
4 días de abril y las notas del teniente coronel constitucionalista Vinicio Antonio Fernández Pérez / |
| Mención de responsabilidad, etc. |
coordinador ; Osvaldo A. Fernández Domínguez ; colaboradores Kirshe M. Fernández Domínguez, Vinicio A. Fernández Domínguez, Roberto A. Fernández Domínguez. |
| 246 00 - FORMA VARIANTE DE TÍTULO |
| Título propio/Titulo breve |
Cuatro días de abril y las notas del teniente coronel constitucionalista Vinicio Antonio Fernández Pérez. |
| 260 ## - PUBLICACIÓN, DISTRIBUCIÓN, ETC. |
| Lugar de publicación, distribución, etc. |
Santo Domingo : |
| Nombre del editor, distribuidor, etc. |
Santuario, |
| Fecha de publicación, distribución, etc. |
2019. |
| 300 ## - DESCRIPCIÓN FÍSICA |
| Extensión |
402 p. : |
| Otras características físicas |
il., retrs. ; |
| Dimensiones |
23 cm. |
| 500 ## - NOTA GENERAL |
| Nota general |
Incluye datos biográficos del coordinador y los colaboradores en la solapa de la cubierta |
| 500 ## - NOTA GENERAL |
| Nota general |
Incluye referencias bibliográficas y notas al pie de las páginas |
| 504 ## - NOTA DE BIBLIOGRAFÍA, ETC. |
| Nota de bibliografía, etc. |
Bibliografía : p. 339-345 |
| 505 0# - NOTA DE CONTENIDO CON FORMATO |
| Nota de contenido con formato |
Dedicatoria, 11.-- Agradecimiento, 13.-- Prólogo, 15.-- Primera parte. Los antecedentes, 25.-- La República Dominicana dentro del marco político latinoamericano, 47.-- La Guerra Fría, su impacto en América Latina y los militares dominicanos, 53.-- Los Estados Unidos, el comunismo y el declive de Trujillo, 61.-- Un mundo cambiante: final de la dictadura de Trujillo, 67.-- Las Fuerzas Armadas dominicanas tras la caída de Trujillo, 79.-- De la dictadura a la democracia, 87.-- Segunda parte. Los siete meses del gobierno de Juan Bosch, 103.-- El golpe de Estado a Juan Bosch, 153.-- ¿Por qué no se ejecutó el contragolpe?, 167.-- El Triunvirato, 175.-- El nuevo embajador norteamericano en la República Dominicana: William Tapley Bennett, 189.-- Corrupción en las Fuerzas Armadas y esfuerzos civiles contra el Triunvirato, 193.-- Preludio a la Revolución (1963 hasta abril de 1965), 205.-- 1965: 4 días de revolución, 223.-- La vuelta a la constitucionalidad: ¿Junta Militar o guerra fraticida?, 263.-- El Dr. José Rafael Molina Ureña asume la presidencia, 269.-- Epílogo: el conflicto armado y el coronel constitucionalista Vinicio Antonio Fernández Pérez, 335.-- Bibliografía, 339.-- Anexos, 347.-- Anexo 1. Relación de los principales oficiales constitucionalistas del Ejército Nacional de las primeras horas, 349.-- Anexo 2. La muerte de un guerrero: Ilio Capozzi. Testimonio del general (r) Iván Fernández, 351.-- Anexo 3. El período de la posguerra, 355.-- Anexo 4. Rol de los Estados Unidos en la Revolución de Abril de 1965, 363.-- Glosario. |
| 590 ## - NOTA LOCAL (RLIN) |
| Nota local |
Inventariado, 2021 /LP<br/><br/> |
| 700 1# - PUNTO DE ACCESO ADICIONAL--NOMBRE DE PERSONA |
| Nombre de persona |
Fernández Domínguez, Osvaldo A., |
| Fechas asociadas al nombre |
1963- |
| 9 (RLIN) |
80691 |
| 700 1# - PUNTO DE ACCESO ADICIONAL--NOMBRE DE PERSONA |
| Nombre de persona |
Fernández Domínguez, Kirshe M., |
| Fechas asociadas al nombre |
1950- |
| Término indicativo de función/relación |
colaborador |
| 9 (RLIN) |
80692 |
| 700 1# - PUNTO DE ACCESO ADICIONAL--NOMBRE DE PERSONA |
| Nombre de persona |
Fernández Domínguez, Vinicio A., |
| Fechas asociadas al nombre |
1951- |
| Término indicativo de función/relación |
colaborador |
| 9 (RLIN) |
80693 |
| 700 1# - PUNTO DE ACCESO ADICIONAL--NOMBRE DE PERSONA |
| Nombre de persona |
Fernández Domínguez, Roberto A., |
| Fechas asociadas al nombre |
1956- |
| Término indicativo de función/relación |
colaborador |
| 9 (RLIN) |
80694 |
| 910 ## - DATOS DE OPCIÓN DEL USUARIO (OCLC) |
| Datos de opción del usuario |
Lopérez |
| 942 ## - ELEMENTOS DE PUNTO DE ACCESO ADICIONAL (KOHA) |
| Fuente del sistema de clasificación o colocación |
Dewey Decimal Classification |
| Tipo de ítem Koha |
Libro |